| 000 | 007000000a22002050004500 | ||
|---|---|---|---|
| 003 | LK-CoMWRAF | ||
| 005 | 20240120115904.0 | ||
| 008 | 230817t2001 ||||| |||| 00| 0 eng d | ||
| 040 |
_aLK-CoMWRAF _dLK-CoMWRAF _eLK-CoMWRAF |
||
| 041 | _aeng | ||
| 082 |
_a305.23 _bSOU |
||
| 110 | _aSouth Asia Partnership International | ||
| 245 |
_aCommercial sexual exploitation of children : _b a review of south Asia - Bangladesh perspective 2001 |
||
| 260 |
_aColombo: _bSouth Asia Partnership International, _c2001 |
||
| 300 |
_a 90 p. ; 30 cm _bBibliography included |
||
| 650 | _aChild prostitution- Bangladesh | ||
| 650 | _aChild sexual abuse- Bangladesh | ||
| 700 | _aur Rahman, Syed Tamjid | ||
| 942 | _cBK | ||
| 999 |
_c488 _d488 |
||